Βασικοί εργατικοί νόμοι : διεθνείς συμβάσεις εργασίας, εσωτερικό δίκαιο... κοινωνικοποιήσεις

Αποθηκεύτηκε σε:
Λεπτομέρειες βιβλιογραφικής εγγραφής
Κύριος συγγραφέας: Κουκιάδης, Γιάννης
Μορφή: Βιβλίο
Γλώσσα:Greek
Δημοσίευση: Θεσσαλονίκη : Παρατηρητής, 1986
Έκδοση:2η εκ., βελτ. και αναθ.
Θέματα:
Ετικέτες: Προσθήκη ετικέτας
Δεν υπάρχουν, Καταχωρήστε ετικέτα πρώτοι!

MARC

LEADER 00000nam a2200000 i 4500
001 1/21699
008 960604s1986 gre d
035 |l 10021761 
040 |a GR-MY-UA  |b gre  |e aacr 
041 0 |a gre 
082 0 |a 344 
100 1 |a Κουκιάδης, Γιάννης. 
245 1 0 |a Βασικοί εργατικοί νόμοι :  |b διεθνείς συμβάσεις εργασίας, εσωτερικό δίκαιο... κοινωνικοποιήσεις /  |c Γ. Κουκιάδα 
250 |a 2η εκ., βελτ. και αναθ. 
260 |a Θεσσαλονίκη :   |b Παρατηρητής,   |c 1986 
300 |a 669 σ. 
650 0 0 |a Labor laws and legislation  |z Greece. 
852 |a INST  |b CHIOS  |e 19960604  |h 344 ΚΟΥ  |p 005200008070  |q 005200008070  |t BK  |y 0 
909 |a Χ  |b 007603